|
|
|
|
| LEADER |
00000nam0a2200000 4500 |
| 001 |
158546 |
| 005 |
20231031154448.0 |
| 010 |
|
|
|a 9785699228140
|b (в пер.)
|b 7100 экз.
|
| 021 |
|
|
|a RU
|b 07-60476
|9 07-3230
|
| 035 |
|
|
|a (RuTPU)RU\TPU\book\171954
|
| 090 |
|
|
|a 158546
|
| 100 |
|
|
|a 20090424d2007 m y0rusy5002 ca
|
| 101 |
1 |
|
|a rus
|c eng
|
| 102 |
|
|
|a RU
|
| 105 |
|
|
|a y z 000ay
|
| 200 |
1 |
|
|a Где-то во времени
|e пер. с англ.
|f Р. Матесон
|
| 210 |
|
|
|a Москва
|a СПб.
|c Эксмо
|c Домино
|d 2007
|
| 215 |
|
|
|a 381 с.
|
| 225 |
1 |
|
|a Mona Lisa
|
| 330 |
|
|
|a Молодой писатель Ричард Кольер, случайно увидев старинную фотографию Элизы Маккенны, некогда знаменитой актрисы, внезапно влюбляется в нее. В отчаянном стремлении соединиться с предметом своей страсти он начинает изучать архивные материалы об Элизе и узнает, что в 1896 году с ней приключилось нечто странное в том самом отеле, в котором он сейчас остановился. Ричард решает мысленным усилием взломать временную преграду и проникнуть в 1896 год, чтобы встретиться с женщиной своей мечты. Но каким образом их любовь может вписаться в невозмутимое течение времени? Еще одно изумительное творение от автора бестселлера «Куда уходят мечты». Сюжет этого романа лег в основу голливудского фильма, главные роли в котором исполнили Кристофер Рив и ДжейнСеймур.
|
| 610 |
1 |
|
|a американская литература
|
| 610 |
1 |
|
|a романы
|
| 610 |
1 |
|
|a приключения
|
| 610 |
1 |
|
|a любовь
|
| 675 |
|
|
|a 82
|v 3
|
| 700 |
|
1 |
|a Матесон
|b Р.
|g Ричард
|
| 801 |
|
0 |
|a RU
|b 63413507
|c 20071001
|g PSBO
|
| 801 |
|
1 |
|a RU
|b 63413507
|c 20090424
|g PSBO
|
| 801 |
|
2 |
|a RU
|b 63413507
|c 20090921
|g PSBO
|
| 830 |
|
|
|a <b><br /> <b>Матесон Р.</b> Где-то во времени : [пер. с англ.] / Ричард Матесон. - М. : Эксмо; СПб. : Домино, 2007. - 379, [2] с.; 20 см. - (Mona Lisa : жен. клуб). - 7100 экз. - ISBN 978-5-699-22814-0 (в пер.). - [07-60476]<br /> - - 1. Фантастические романы и рассказы (х. л.). </p><p style='text-align:right'>УДК 821.111(73)-31 <br />ББК 84(7Сое)-44 </p>
|
| 942 |
|
|
|c BK
|